000 00281nam a22001337a 4500
008 170209b xxu||||| |||| 00| 0 eng d
020 _a9780071417167
041 _aeng
080 _a61
100 _a4
101 _aSHM
245 _aEMERGENCY MEDICINE
_cHOFFMAN
942 _2udc
_cBK
999 _c5060
_d5060